000 00538nam a2200217Ia 4500
003 OSt
005 20260109161835.0
008 210210b1994 xxu||||| |||| 00| 0 eng d
020 _a055252767X
040 _cAL
041 _aeng
082 _a823.0876 BRAF
100 _aTony Bradman
_9250889
245 _aFantastic space stories
260 _aGreat Britain
_bCorgi Books
_c1994
300 _a184p
650 _aSpace Stories science fiction
_9250890
690 _aEnglish Fiction
_9250891
906 _a055988
942 _2ddc
_cBK
999 _c103302
_d103302